Detalles MARC
| 000 -LEADER |
| fixed length control field |
02030cam a2200445 i 4500 |
| 001 - CONTROL NUMBER |
| control field |
70724 |
| 003 - CONTROL NUMBER IDENTIFIER |
| control field |
Mx-PuUPA |
| 005 - DATE AND TIME OF LATEST TRANSACTION |
| control field |
20251104140644.0 |
| 008 - FIXED-LENGTH DATA ELEMENTS--GENERAL INFORMATION |
| fixed length control field |
240125s2015 ne ae gr 000 0 eng d |
| 020 ## - INTERNATIONAL STANDARD BOOK NUMBER |
| International Standard Book Number |
9789462082182 |
| 040 ## - CATALOGING SOURCE |
| Original cataloging agency |
Mx-PuUPA |
| Language of cataloging |
spa |
| Transcribing agency |
Mx-PuUPA |
| Modifying agency |
Mx-PuUPA |
| Description conventions |
rda |
| 041 0# - LANGUAGE CODE |
| Language code of text/sound track or separate title |
eng |
| 043 ## - GEOGRAPHIC AREA CODE |
| Geographic area code |
e-sp--- |
| 130 0# - MAIN ENTRY--UNIFORM TITLE |
| Uniform title |
Archiprix International |
| 245 10 - TITLE STATEMENT |
| Title |
Archiprix Madrid 2015 / |
| Statement of responsibility, etc. |
edited by Henk van der Veen ; text editing George Hall ; translation into spanish, André Koster |
| 246 34 - VARYING FORM OF TITLE |
| Title proper/short title |
Madrid Archiprix : |
| Remainder of title |
mejores proyectos fin de carrera del mundo 2015. Arquitectura, urbanismo, paisajismo = world's best graduation projects 2015. Architecture, urban design, landscape architecture |
| 246 31 - VARYING FORM OF TITLE |
| Title proper/short title |
Madrid Archiprix : |
| Remainder of title |
world's best graduation projects 2015. Architecture, urban design, landscape architecture |
| 264 #1 - PRODUCTION, PUBLICATION, DISTRIBUTION, MANUFACTURE, AND COPYRIGHT NOTICE |
| Place of production, publication, distribution, manufacture |
Rotterdam : |
| Name of producer, publisher, distributor, manufacturer |
Stichting Archiprix : nai010 Publishers, |
| Date of production, publication, distribution, manufacture, or copyright notice |
2015 |
| 300 ## - PHYSICAL DESCRIPTION |
| Extent |
153 páginas : |
| Other physical details |
ilustraciones, planos ; |
| Dimensions |
30 cm |
| 336 ## - CONTENT TYPE |
| Fuente |
rdacontent |
| Content type term |
texto |
| Content type code |
txt |
| 336 ## - CONTENT TYPE |
| Fuente |
rdacontent |
| Content type term |
imagen fija |
| Content type code |
sti |
| 337 ## - MEDIA TYPE |
| Source |
rdamedia |
| Media type term |
sin medio |
| Media type code |
n |
| 338 ## - CARRIER TYPE |
| Source |
rdacarrier |
| Carrier type term |
volumen |
| Carrier type code |
nc |
| 500 ## - GENERAL NOTE |
| General note |
"HunterDouglas Awards ; Rotterdam 2001, Istanbul 2003, Glasgow 2005, Shanghai 2007, Montevideo 2009, Cambridge USA 2011, Moscow 2013". -- Portada. |
| 546 ## - LANGUAGE NOTE |
| Language note |
Título de la portada en inglés y español. |
| 650 #7 - SUBJECT ADDED ENTRY--TOPICAL TERM |
| Source of heading or term |
armarc |
| Topical term or geographic name entry element |
Archiprix Internacional |
| Geographic subdivision |
Madrid, 2015 |
| 650 #7 - SUBJECT ADDED ENTRY--TOPICAL TERM |
| Source of heading or term |
armarc |
| Topical term or geographic name entry element |
Arquitectura moderna |
| Chronological subdivision |
Siglo XXI |
| 650 #7 - SUBJECT ADDED ENTRY--TOPICAL TERM |
| Source of heading or term |
armarc |
| Topical term or geographic name entry element |
Arquitectura del paisaje |
| 650 #7 - SUBJECT ADDED ENTRY--TOPICAL TERM |
| Source of heading or term |
armarc |
| Topical term or geographic name entry element |
Premios de arquitectura |
| 650 #7 - SUBJECT ADDED ENTRY--TOPICAL TERM |
| Source of heading or term |
armarc |
| Topical term or geographic name entry element |
Arquitectura |
| General subdivision |
Concursos |
| 650 #7 - SUBJECT ADDED ENTRY--TOPICAL TERM |
| Source of heading or term |
armarc |
| Topical term or geographic name entry element |
Arquitectura |
| General subdivision |
Estudio y enseñanza |
| 700 1# - ADDED ENTRY--PERSONAL NAME |
| Personal name |
Veen, Henk van der, |
| Relator term |
editor |
| 700 1# - ADDED ENTRY--PERSONAL NAME |
| Personal name |
Hall, George, |
| Relator term |
editor |
| 700 1# - ADDED ENTRY--PERSONAL NAME |
| Personal name |
Koster, André, |
| Relator term |
traductor |
| 942 ## - ADDED ENTRY ELEMENTS (KOHA) |
| Source of classification or shelving scheme |
Dewey Decimal Classification |
| Koha item type |
Libro |
| Classification part |
724.7 |
| Item part |
A66 |